000 00320nam a22001457a 4500
008 210310b ||||| |||| 00| 0 eng d
020 _a9780471227816
041 _aeng
080 _28th
_a159.9
082 _a159.9
100 _a48
101 _aPSI
245 _aAbnormal Psychology
_cDavison,G.C
942 _2udc
_cBK
999 _c56206
_d56206